| 000 | nam a22 7a 4500 | ||
|---|---|---|---|
| 999 |
_c28390 _d28390 |
||
| 008 | 170302b xxu||||| |||| 00| 0 eng d | ||
| 020 | _a9780495461562 | ||
| 050 | _aGC 11.2 .G37 2008 | ||
| 100 | _aGarrison | ||
| 245 |
_aOceanography: _bAn Invitation to Marine Science/ _cGarrison |
||
| 260 |
_aAustralia: _bThomson, _c2008. |
||
| 300 |
_axx,588p.: _bill.; _c26cm. |
||
| 521 | _aIncludes bibliographical reference and index. | ||
| 650 | _aOceanography. | ||
| 942 |
_2lcc _cBOOKS _hGC 11.2 .G37 2008 |
||